| 000 | 00505nam a2200169 a 4500 | ||
|---|---|---|---|
| 005 | 20140412111305.0 | ||
| 008 | 010430s19uu xx 00 eng d | ||
| 020 | _a0-02-898255-X | ||
| 050 |
_aTR(PS E _bIn1 1989 |
||
| 100 | _aSilver, Donald | ||
| 245 |
_aIndians: a learn to read book / _cby Donald Silver; illustrated by Patricia J. Wynne. |
||
| 260 |
_aNew York : _bCheckboard Press, _c1989. |
||
| 300 | _a1v. (unp.) ; ill. | ||
| 440 | _aBig and Easy | ||
| 650 | _aIndians-Stories | ||
| 999 |
_c103659 _d103659 |
||